000 00609cam a2200217ua 4500
001 9897
008 161007n ii |||gr||||Z||||||asm
020 _a9788176653855
040 _cMAIN
041 _aasm
082 _a342.54
100 _aHazarika, Niru,
_eAuthor.
245 _aBharatiya sangbidhan :
_bHS 1st year /
_cBy Niru Hazarika & Jyotinath Chakrbarty .
250 _a7th ed.
260 _aGuwahati:
_bStudents stores,
_c2016.
300 _a212p.
653 _aConstitutional & administrative law
653 _aindian constitution
700 _aChakrabarty, Jyotinath,
_eAuthor.
942 _cBK
999 _c8906
_d8906